Guess the transformers (random) - Statistics

General Stats
  • This quiz has been taken 8 times
  • The average score is 10 of 13
Answer Stats
Hint Answer % Correct
Leader Of Decepticons Megatron
100%
Leader Optimus prime
100%
Constructicon Bonecrusher
80%
Combaticon Brawl
80%
Stunticon Breakdown
80%
2nd in command A Bumblebee
80%
Autobot Ironhide
80%
Seeker Skywarp
80%
Dinobot Snarl
80%
Maximal Cheetor
60%
Leader of Dinobots Grimlock
60%
Decepticon Shockwave
60%
Predacon Divebomb
20%
No matching quizzes found
Score Distribution
Percent of People with Each Score
Percentile by Number Answered
Your Score History
You have not taken this quiz